| 000 | 00776nam a2200217 a 4500 | ||
|---|---|---|---|
| 005 | 20230623063537.0 | ||
| 008 | 010521s19981999mx r 000 0 spa d | ||
| 020 | _a968231965X | ||
| 035 | _aUPN01000106560 | ||
| 049 | _aCG | ||
| 050 | 4 |
_aPN212 _bR5.78 1998 |
|
| 100 | 1 |
_aRicoeur, Paul, _d1913-2005 _929447 |
|
| 245 | 1 | 0 |
_aTiempo y narración / _cpor Paul Ricoeur ; tr. de Agustín Neira. |
| 260 |
_aMéxico : _bSiglo XXI, _c1998-1999. |
||
| 300 | _a3 v. | ||
| 440 | 0 | _aLingüística y teoría literaria | |
| 505 | 8 |
_aContenido: _gv.1 _tConfiguración del tiempo en el relato histórico -- _gv.2 _tConfiguración del tiempo en el relato de ficción -- _gv.3 _tEl tiempo narrado |
|
| 650 | 4 |
_aNarración (Retórica) _94866 |
|
| 650 | 4 | _aTIEMPO EN LA LITERATURA | |
| 905 | _aLibro | ||
| 999 |
_c80472 _d80472 |
||